| 000 | 00447 a2200157 4500 | ||
|---|---|---|---|
| 005 | 20250627132027.0 | ||
| 020 | _a978-0-07-281836-9 | ||
| 082 | _a658.15 BLO | ||
| 100 | _aBLOCHER, Edward | ||
| 245 | _aCost Management: A Strategic Emphasis. | ||
| 250 | _a3rd Edition | ||
| 260 |
_aBoston, _bMcGraw-Hill Irwin, _c2005. |
||
| 300 |
_axxiii, 930p.: _bGlossary & Index _c28 cm |
||
| 700 | _aKung H. Chen, Gary Cokins & Thomas W. Lin | ||
| 942 |
_2ddc _cBKS |
||
| 999 |
_c3677 _d3677 |
||